000
00291nam a22001097a 4500
999
_c
160054
_d
160054
082
_a
_b
100
_a
Sasikala Devi A S
245
_a
Lakshminarayan Lal ke natakom meim azthithwad/
_c
by Sasikala Devi A S.
260
_a
Mathura:
_b
Jawahar Pustakalaya,
_c
2009.
650
_a
942
_c
BK